000 00824cab a2200241 4500
001 WB2846-13
008 090401t1992 xxu||||| |||| 00| 0 eng d
035 _a(Sirsi) u68615
041 _aeng
245 _aWindsor castle fire
260 _c1992
350 _a0
490 _aBuilding
_v257(7772) 27 November 1992, 9(1)
520 _aAfter a report by English Heritage has been completed, contracts for the restoration of fire damaged Windsor Castle will be awarded by the Royal Household, although work is unlikely to start for a year until the castle has dried out.
650 _aBUILT ENVIRONMENT-BUILDING CONTRACT FORMS
650 _aENGLISH HERITAGE
650 _aFIRE DAMAGE
650 _aRESTORATION
650 _aWINDSOR CASTLE
690 _aRefurbishment
_96264
942 _n0
948 _c04/03/1997
999 _c43049
_d43049